书目信息 |
| 题名: |
跟我学电脑
|
|
| 作者: | 钱洲胜 主编 | |
| 分册: | 4 真绝!巧妙的信息处理 | |
| 出版信息: | 合肥 中国科学技术大学出版社 1993.3 |
|
| 页数: | 229页 | |
| 开本: | 20cm | |
| 丛书名: | 中央电视台青少年电脑教育系列丛书 | |
| 单 册: | ||
| 中图分类: | TP36-49 | |
| 科图分类: | 73.876059 | |
| 主题词: | 微型计算机--少年读物 | |
| 电子资源: | ||
| ISBN: | 7-312-00451-2 | |
| 000 | 01089nam2 2200289 45 | |
| 001 | 0193052902 | |
| 005 | 20070714111135.62 | |
| 010 | @a7-312-00451-2@dCNY27.00 | |
| 100 | @a19931113e1993 am y0chiy0121 ea | |
| 101 | 0 | @achi |
| 102 | @aCN@b340000 | |
| 105 | @af z 000yy | |
| 200 | 10 | @a跟我学电脑@AGEN WO XUE DIAN NAO@h4@i真绝!巧妙的信息处理@f钱洲胜主编@FQIAN ZHOU SHENG ZHU BIAN |
| 210 | @a合肥@c中国科学技术大学出版社@d1993.3@h1993.5重印 | |
| 215 | @a229页@c插图@d20cm | |
| 225 | 2 | @a中央电视台青少年电脑教育系列丛书 |
| 327 | 1 | @a特棒!神奇的电脑/胡学联著@a盖帽!迷你的电脑编辑/张 宁著@aOK!智慧的BASIC/牛允鹏著@a真绝!巧妙的信息处理/迟成文著 |
| 330 | @a本书向青少年介绍了掌握计算机的基础知识和使用、操作、编程方法等知识。 | |
| 410 | 0 | @120010@a中央电视台青少年电脑教育系列丛书 |
| 517 | 1 | @a真绝!巧妙的信息处理@Azhen jue!qiao miao de xin xi chu li |
| 540 | 1 | @a电脑@ADIAN NAO |
| 606 | @a微型计算机@x少年读物 | |
| 690 | @aTP36-49@v三版 | |
| 692 | @a73.876059 | |
| 701 | 0 | @a钱洲胜@AQIAN ZHOU SHENG@4主编 |
| 801 | 0 | @aCN@bTSSF@c20070714 |
| 905 | @a10447@dTP36-49@e411:4 | |
| 跟我学电脑.4.真绝!巧妙的信息处理/钱洲胜主编.-合肥:中国科学技术大学出版社,1993.3(1993.5重印) |
| 229页:插图;20cm.-(中央电视台青少年电脑教育系列丛书) |
| 部分内容:特棒!神奇的电脑/胡学联著;盖帽!迷你的电脑编辑/张 宁著;OK!智慧的BASIC/牛允鹏著;真绝!巧妙的信息处理/迟成文著 |
| ISBN 7-312-00451-2:CNY27.00 |
| 本书向青少年介绍了掌握计算机的基础知识和使用、操作、编程方法等知识。 |
| ● |
| 相关链接 |
|
|
|
|
正题名:跟我学电脑
索取号:TP36-49/411:4
 
预约/预借
| 序号 | 登录号 | 条形码 | 馆藏地/架位号 | 状态 | 备注 |
| 1 | 0765884 | 207658845 | 第二样本阅览室/ [索取号:TP36-49/411:4] | 在馆 |